[Event "Leamington Spa 4NCL op-B 26th"]
[Site "Leamington Spa"]
[Date "2021.09.11"]
[Round "3"]
[White "Bridgeman, Niamh"]
[Black "Radford, Mark SR"]
[Result "1-0"]
[WhiteElo "1930"]
[BlackElo "1780"]
[PlyCount "69"]
[EventDate "2021.09.10"]
[EventType "swiss"]
[EventRounds "5"]
[EventCountry "ENG"]
[SourceTitle "EXT 2023"]
[Source "ChessBase"]
[SourceDate "2022.10.05"]
[SourceVersion "1"]
[SourceVersionDate "2022.10.05"]
[SourceQuality "1"]

1. d4 Nf6 2. Nf3 g6 3. e3 Bg7 4. Be2 0-0 5. 0-0 d6 6. b3 c5 7. Bb2 Nbd7 8. c4 b6 9. Nc3 Bb7 10. Qc2 a6 11. Rfd1 Qc7 12. Rac1 Rac8 13. Ng5 h6 14. Nge4 Nxe4 15. Nxe4 cxd4 16. Bxd4 e5 17. Bc3 d5 18. cxd5 f5 19. Ng3 Qd6 20. Qd2 Rfd8 21. e4 f4 22. Nh1 g5 23. Bg4 a5 24. Be6+ Kh8 25. b4 a4 26. b5 Rc4 27. Bxd7 Rxd7 28. Bxe5 Bxe5 29. Rxc4 f3 30. Ng3 Bf4 31. Qc3+ Be5 32. Qxf3 Rd8 33. Qh5 Rf8 34. Nf5 Bg7 35. Nxd6 1-0

[Event "Leamington Spa 4NCL op-B 26th"]
[Site "Leamington Spa"]
[Date "2021.09.11"]
[Round "2"]
[White "Radford, Mark SR"]
[Black "Idle, Oscar J"]
[Result "0-1"]
[WhiteElo "1780"]
[BlackElo "1979"]
[PlyCount "70"]
[EventDate "2021.09.10"]
[EventType "swiss"]
[EventRounds "5"]
[EventCountry "ENG"]
[SourceTitle "EXT 2023"]
[Source "ChessBase"]
[SourceDate "2022.10.05"]
[SourceVersion "1"]
[SourceVersionDate "2022.10.05"]
[SourceQuality "1"]

1. Nf3 d5 2. d4 Nf6 3. c4 c6 4. e3 Bf5 5. Nc3 e6 6. Qb3 Qb6 7. Be2 Nbd7 8. 0-0 Be7 9. Bd2 0-0 10. c5 Qc7 11. Qd1 e5 12. dxe5 Nxe5 13. Nd4 Bd3 14. b4 a5 15. a3 axb4 16. axb4 Rxa1 17. Qxa1 Bxe2 18. Ncxe2 Nc4 19. Bc3 Ne4 20. Qa7 Bg5 21. Kh1 Qc8 22. Qa1 Bf6 23. Kg1 h5 24. Ng3 h4 25. Nxe4 dxe4 26. h3 Ne5 27. Ne2 Re8 28. Nf4 g5 29. Ne2 Kh7 30. Qb1 Qf5 31. f3 Nd7 32. Bxf6 Nxf6 33. Nd4 Qg6 34. fxe4 Nxe4 35. Nf5 Nd2 0-1

[Event "South Normanton 4NCL op-B 23rd"]
[Site "South Normanton"]
[Date "2019.10.05"]
[Round "3"]
[White "Radford, Mark SR"]
[Black "Gibbs, Dominic V"]
[Result "1/2-1/2"]
[WhiteElo "1643"]
[BlackElo "1930"]
[PlyCount "63"]
[EventDate "2019.10.04"]
[EventType "swiss"]
[EventRounds "5"]
[EventCountry "ENG"]
[SourceTitle "CBM 193 Extra"]
[Source "ChessBase"]
[SourceDate "2020.01.31"]
[SourceVersion "1"]
[SourceVersionDate "2020.01.31"]
[SourceQuality "1"]

1. Nf3 g6 2. c4 Bg7 3. Nc3 d6 4. g3 e5 5. Bg2 Nc6 6. Rb1 f5 7. d3 Nf6 8. 0-0 0-0 9. b4 h6 10. b5 Ne7 11. Qb3 g5 12. c5+ Kh8 13. cxd6 cxd6 14. a4 f4 15. Nd2 Rb8 16. Ba3 Ne8 17. Nce4 Nf5 18. Rfc1 Nd4 19. Qd1 Rf7 20. e3 Nf5 21. exf4 gxf4 22. Qh5 Kg8 23. Nf3 Nd4 24. Nxd4 exd4 25. Re1 Rf5 26. Qg6 d5 27. Ng5 Nf6 28. Qf7+ Kh8 29. Nf3 Ne4 30. Qg6 Rf6 31. Qh5 Rf5 32. Qg6 1/2-1/2

[Event "South Normanton 4NCL op-B 23rd"]
[Site "South Normanton"]
[Date "2019.10.05"]
[Round "2"]
[White "Whitehead, Mark A"]
[Black "Radford, Mark SR"]
[Result "1-0"]
[WhiteElo "1847"]
[BlackElo "1643"]
[PlyCount "53"]
[EventDate "2019.10.04"]
[EventType "swiss"]
[EventRounds "5"]
[EventCountry "ENG"]
[SourceTitle "CBM 193 Extra"]
[Source "ChessBase"]
[SourceDate "2020.01.31"]
[SourceVersion "1"]
[SourceVersionDate "2020.01.31"]
[SourceQuality "1"]

1. e4 e6 2. Qe2 c5 3. g3 Nc6 4. c3 g6 5. Bg2 Bg7 6. f4 Nge7 7. d3 0-0 8. Nf3 d5 9. 0-0 b6 10. Nbd2 Ba6 11. e5 d4 12. c4 Rc8 13. Ne4 Nf5 14. g4 Ne3 15. Bxe3 dxe3 16. Qxe3 Nb4 17. Ne1 Qe7 18. g5 Rfd8 19. Nf6+ Kh8 20. Rf3 Bf8 21. Rh3 h6 22. Rh4 Bg7 23. Qh3 Qf8 24. Be4 b5 25. Ng4 h5 26. Rxh5+ gxh5 27. Qxh5+ 1-0

[Event "Nottingham 4NCL Major op"]
[Site "Nottingham"]
[Date "2018.09.28"]
[Round "1"]
[White "Radford, Mark SR"]
[Black "Gillespie, David Paul"]
[Result "0-1"]
[WhiteElo "1666"]
[BlackElo "1850"]
[PlyCount "84"]
[EventDate "2018.09.28"]
[EventType "swiss"]
[EventRounds "5"]
[EventCountry "ENG"]
[SourceTitle "CBM 187 Extra"]
[Source "ChessBase"]
[SourceDate "2018.11.04"]
[SourceVersion "1"]
[SourceVersionDate "2018.11.04"]
[SourceQuality "1"]

1. Nf3 Nf6 2. c4 g6 3. Nc3 Bg7 4. g3 0-0 5. Bg2 d6 6. 0-0 c5 7. d3 Nc6 8. Bd2 Rb8 9. Rb1 Bd7 10. a3 a6 11. b4 cxb4 12. axb4 b5 13. cxb5 axb5 14. h3 Re8 15. d4 d5 16. Qb3 Bf5 17. Rbc1 Qd7 18. Kh2 Be4 19. Be3 h6 20. Rfd1 Bxf3 21. Bxf3 e6 22. Rd2 Red8 23. Rdc2 Ne7 24. Nd1 Ne8 25. Bf4 Nf5 26. e3 Rb7 27. g4 Nh4 28. Be2 Nd6 29. Bxd6 Qxd6+ 30. Kg1 e5 31. Rc6 Qe7 32. Rc8 exd4 33. Qxd5 Rbd7 34. Qxb5 dxe3 35. Nxe3 Bd4 36. Rxd8+ Rxd8 37. Ng2 Qf6 38. Rf1 Nf3+ 39. Kh1 Nd2 40. Rd1 Ne4 41. Rc1 Nxf2+ 42. Kh2 Qd6+ 0-1

[Event "Telford 4NCL op-B 19th"]
[Site "Telford"]
[Date "2018.07.15"]
[Round "5"]
[White "Lovell, William Pm"]
[Black "Radford, Mark SR"]
[Result "1-0"]
[WhiteElo "1737"]
[BlackElo "1667"]
[PlyCount "91"]
[EventDate "2018.07.13"]
[EventType "swiss"]
[EventRounds "5"]
[EventCountry "ENG"]
[SourceTitle "EXT 2019"]
[Source "ChessBase"]
[SourceDate "2018.10.10"]
[SourceVersion "1"]
[SourceVersionDate "2018.10.10"]
[SourceQuality "1"]

1. c4 e5 2. g3 Nc6 3. Nc3 g6 4. Bg2 Bg7 5. d3 Nge7 6. Nf3 0-0 7. 0-0 d6 8. Rb1 a5 9. a3 f5 10. Nd2 f4 11. b4 axb4 12. axb4 Nf5 13. Nde4 g5 14. Nd5 Ncd4 15. e3 f3 16. Bxf3 Nxf3+ 17. Qxf3 Nh4 18. Qe2 Nf3+ 19. Kg2 c6 20. Ndc3 Qd7 21. Qxf3 Rxf3 22. Kxf3 Qg4+ 23. Kg2 Qh3+ 24. Kg1 h6 25. Ne2 Bg4 26. f3 Be6 27. Nxd6 b6 28. Bb2 Rd8 29. c5 b5 30. d4 exd4 31. Bxd4 Bc4 32. Nxc4 bxc4 33. Bxg7 Kxg7 34. Nd4 Qd7 35. Rbc1 Qd5 36. Rfd1 Ra8 37. e4 Qf7 38. Nf5+ Kh7 39. Rd6 Ra2 40. Rcd1 Qe8 41. Rd7+ Kg8 42. Rd8 Qxd8 43. Rxd8+ Kh7 44. Rd1 c3 45. Rc1 c2 46. Nd4 1-0

[Event "Telford 4NCL op-B 19th"]
[Site "Telford"]
[Date "2018.07.14"]
[Round "3"]
[White "Whitehead, Mark A"]
[Black "Radford, Mark SR"]
[Result "1-0"]
[WhiteElo "1913"]
[BlackElo "1667"]
[PlyCount "87"]
[EventDate "2018.07.13"]
[EventType "swiss"]
[EventRounds "5"]
[EventCountry "ENG"]
[SourceTitle "EXT 2019"]
[Source "ChessBase"]
[SourceDate "2018.10.10"]
[SourceVersion "1"]
[SourceVersionDate "2018.10.10"]
[SourceQuality "1"]

1. e4 e6 2. Qe2 c5 3. g3 g6 4. Bg2 Bg7 5. d3 Nc6 6. c3 Nge7 7. Nh3 d6 8. 0-0 0-0 9. f4 Bd7 10. Be3 b6 11. Nd2 Rc8 12. Bf2 f5 13. Rae1 Qc7 14. Ng5 b5 15. exf5 exf5 16. Ne6 Bxe6 17. Qxe6+ Kh8 18. Nf3 Ng8 19. Ng5 Nd8 20. Qb3 Rb8 21. Re2 h6 22. Nf3 Nc6 23. Rfe1 Nf6 24. Nh4 Kh7 25. Re6 b4 26. Qc4 bxc3 27. bxc3 Na5 28. Qa6 Rfd8 29. h3 Rb2 30. d4 c4 31. d5 Rxf2 32. Kxf2 Qc5+ 33. R1e3 Ne8 34. Re7 Nc7 35. Rxc7 Qxc7 36. Qb5 Rb8 37. Qa4 Rb2+ 38. Kg1 Qc5 39. Qe8 Re2 40. Qxg6+ Kg8 41. Nxf5 Rxg2+ 42. Kxg2 Qxd5+ 43. Kf2 Qd2+ 44. Re2 1-0

[Event "Bedford e2e4 U2000"]
[Site "Bedford"]
[Date "2013.09.21"]
[Round "3"]
[White "Radford, Mark SR"]
[Black "Matthews, Adrian MS"]
[Result "0-1"]
[WhiteElo "1752"]
[BlackElo "1879"]
[PlyCount "52"]
[EventDate "2013.09.20"]
[EventType "swiss"]
[EventRounds "5"]
[EventCountry "ENG"]
[SourceTitle "EXT 2023"]
[Source "ChessBase"]
[SourceDate "2022.10.05"]
[SourceVersion "1"]
[SourceVersionDate "2022.10.05"]
[SourceQuality "1"]

1. g3 Nf6 2. f4 d5 3. Nf3 c5 4. Bg2 Nc6 5. 0-0 Bf5 6. d3 e6 7. c3 Qb6 8. Kh1 Be7 9. Qe1 h5 10. h3 d4 11. c4 h4 12. g4 Bxg4 13. Ng5 Bf5 14. Na3 Nh5 15. Kg1 Ng3 16. Rf2 Bxg5 17. fxg5 e5 18. Rb1 Nb4 19. Bd2 0-0-0 20. Bxb4 Qxb4 21. Qd1 Rh5 22. Nc2 Qa4 23. b4 e4 24. dxe4 Bxe4 25. Bxe4 Nxe4 26. Rf3 Nc3 0-1